| 000 | 00683nam a2200229 a 4500 | ||
|---|---|---|---|
| 001 | 14110 | ||
| 003 | BD-JhCC | ||
| 005 | 20241211094016.0 | ||
| 008 | 241211b2015 b |||| ||a| 000 0 b d | ||
| 020 | _a9789849059363 | ||
| 035 | _a(BD-JhCC)14110 | ||
| 040 |
_aBD-JhCC _dBD-JhCC |
||
| 041 | _abengali | ||
| 082 |
_a891.443 _bMIS 2015 |
||
| 100 | _aমিসির,মোহাম্মদ আবু | ||
| 245 |
_aমায়া মায়াময়ী / _cমোহাম্মদ আবু মিসির । |
||
| 260 |
_aঢাকা: _bগদ্যপদ্য; _c2015. |
||
| 300 |
_a120 p. : _c22 cm. |
||
| 650 | _abengali Novel | ||
| 942 |
_2ddc _cBK |
||
| 999 |
_c14110 _d14110 |
||